000 00798nam a2200217 i 4500
001 53286
003 ES-MaACL
005 20230906162735.0
007 t|
008 940202s1888 sp af |||| | spa d
100 1 _aDuruy, Victor.
_946334
245 1 0 _aHistoria de los romanos :
_bdesde los tiempos más remotos hasta la invasión de los bárbaros /
_cpor Victor Duruy ; traducida de la última edición por Cecilio Navarro.
260 _aBarcelona :
_bMontaner y Simón,
_c1888.
300 _a2 v. :
_bil., lám. ;
_c32 cm.
530 _aDisponible en formato digital.
651 4 _aRoma-
_xHistoria.
_99312
700 1 _aNavarro, Cecilio.
_985061
852 _aES-MaACL
_jB-1163
_z(V. 1)
852 _aES-MaACL
_jF-482-83
856 _uhttp://hdl.handle.net/10459/2984
_zUniversitat de Lleida
999 _c53286
_d53286